Roman Numeral Word Play Quiz Stats

Quiz Updated Oct 3, 2012

Also try: Roman Numerals
Challenge
Share
Tweet
Embed
Score 0/16 Timer 04:00
1 Play Today
Clue Word % Correct
Sometimes it feels like you have 551 jars and not one of these in sightLid
85.2%
2002 was a slow year for this actress, Mrs. RogersMimi
79.7%
After 1101 renditions of Journey songs, the karaoke bar owner finally took this awayMic
74.2%
The part of your psyche that thinks it's a good idea to eat 501 M&MsId
73.5%
Call me and hang up 557 times and I'll certainly be thisLivid
71.8%
Ingest 1004 mg of caffeine and you'll have plenty of this with your vigorVim
71.4%
It's not the 9th letter of the Greek alphabet, but maybe it should beXi
70.1%
I'm sure this fictional Detective Mackey has commited more than 104 crimes of his ownVic
69.2%
Clue Word % Correct
There's a lot more than 511 soldiers posted at this New Jersey FortDix
68.3%
With 1501 lamps, no one could describe a house as being thisDim
65.1%
Many sci-fi directors have an image of what life will look like in 2102. They use cgi to do this to that imageMimic
61.9%
In 1551, the Ottomans captured Tripoli. Some say the weather was this, though the fighting certainly wasn'tMild
60.1%
552 years ago, this capital of Timor-Leste was yet to be settled by EuropeansDili
60%
Do this with 1011 peanuts, raisins, and chocolate morsels and you'll have enough snacks for a month of hikesMix
59.7%
All 207 local policemen are fulfilling these dutiesCivic
53.4%
If you tried hard enough, you might learn this Mayan language in 62 weeksIxil
42.4%

You're not logged in!

Compare scores with friends on all Sporcle quizzes.
Join for Free
OR
Log In

You Might Also Like...

Show Comments

Extras

Top Quizzes Today


Score Distribution

Your Account Isn't Verified!

In order to create a playlist on Sporcle, you need to verify the email address you used during registration. Go to your Sporcle Settings to finish the process.

Report this User

Report this user for behavior that violates our Community Guidelines.

Details: